| 000 | 00558nam a22001937a 4500 | ||
|---|---|---|---|
| 003 | 0 | ||
| 005 | 20240524090325.0 | ||
| 008 | 240524b xxu||||| |||| 00| 0 eng d | ||
| 020 | _a978-0-19-276686-1 | ||
| 050 |
_aER _bThe398 2019 |
||
| 082 |
_aER _bThe398 2019 |
||
| 100 | _aBrewis, Megan | ||
| 245 |
_aSpider in my soup! _cMegan Brewis |
||
| 260 |
_aOxford _bOxford University Press _c2019 |
||
| 300 |
_aunpaged : _bcolored illustrations ; _c25cm. |
||
| 650 | _aSpider--Juvenile literature. | ||
| 650 | _aSpider--Childrens stories. | ||
| 942 |
_2ddc _cBK |
||
| 999 |
_c365988 _d365988 |
||